Popularne numery rap/trap tygodnia 05-11.02 Spotify. - Statystyki

Ogólne statystyki
  • Ten quiz został rozwiązany 20 razy
  • Średni wynik to 17 z 30
Statystyki odpowiedzi
Wykonawca Odsłuchania Utwór % Poprawnych
Guzior, Oskar83 598K FALA
89%
Young Leosia 829K Szklanki
89%
Guzior 710K BLUEBERRY
83%
Quebonafide, Daria Zawiałow 366K BUBBLETEA
78%
Kabe 443K Nad ranem
78%
Wiatr, Sobel, Be Vis 472K Testarossa
78%
Alberto 368K Dwutakt
72%
Żabson 571K OBOK
67%
Reto 375K Billy Kid
61%
Kizo, Trill Pem 378K Fitness
61%
Sobel 348K Impreza
61%
Sobel 316K Kinol
61%
Mata, Wyguś, Szczepan, Adam 257K GOMBAO 33
56%
Favst, Gibbs, Kukon 270K halo
56%
Żabson, Young Leosia, Beteo, Borucci 285K ULALA
56%
Bedoes, Lanek 290K Chrome Hearts /
50%
Wac Toja 278K Kapitan
50%
Taco Hemingway 289K Polskie Tango
50%
Guzior 248K TRAPSTAR
50%
SB Maffija 246K A nie pamiętasz jak?
44%
Qry 344K Bierz do buzi
44%
Bedoes, Lanek 379K Doda
44%
Chivas, White 2115 427K Mam Na Twarzy Krew I Tym Razem Nie Jest Sztuczna
44%
Mata 251K Schodki
44%
Bedoes, Lanek 254K City Boy
39%
Tymek, Kuba Karaś, Urbanski 274K Oczko w głowie
39%
Żabson, Young Leosia, Janusz Walczuk, Beteo 270K Palo Santo
39%
PRO8L3M, Brodka 272K Żar
39%
Bedoes, Lanek 435K TOA$T /
33%
Bedoes, Lanek 310K NBP /
28%
Nie znaleziono quizów pasujących do podanych kryteriów
Rozkład punktacji
Procent ludzi z każdym wynikiem
Percentyl według liczby udzielonych odpowiedzi
Twoja historia wyników
Nie rozwiązałeś tego quizu